000
00327nam a2200145Ia 4500
100
_a
Kapil Dev
942
_c
BK
654
_a
Workshop calculation
245
_a
Workshop Calculation and science:Electrical
260
_b
Asian Pub.
_a
Delhi
_c
2001
082
_a
621.3
_b
DEV
300
_a
600
546
_a
ENGLISH
999
_c
17878
_d
17878